UBT Library

How to find your mission in life / (Record no. 44499)

000 -LEADER
fixed length control field 00763cam a2200229 a 4500
001 - CONTROL NUMBER
control field 12600109
005 - DATE AND TIME OF LATEST TRANSACTION
control field 20180308082154.0
008 - FIXED-LENGTH DATA ELEMENTS--GENERAL INFORMATION
fixed length control field 011127s2000 caua b 000 0 eng
010 ## - LIBRARY OF CONGRESS CONTROL NUMBER
LC control number 2001280260
020 ## - INTERNATIONAL STANDARD BOOK NUMBER
International Standard Book Number 0898158591
040 ## - CATALOGING SOURCE
Original cataloging agency DLC
Transcribing agency DLC
Modifying agency DLC
041 ## - LANGUAGE CODE
Language code of text/sound track or separate title eng
080 ## - UNIVERSAL DECIMAL CLASSIFICATION NUMBER
Universal Decimal Classification number 248.88 BOL
082 00 - DEWEY DECIMAL CLASSIFICATION NUMBER
Classification number 248.88 BOL
Edition number 21
100 1# - Rafti
Rafti 57
101 ## - Shkurtesa
Shkurtesa BIZ
245 10 - TITLE STATEMENT
Title How to find your mission in life /
Statement of responsibility, etc Richard Nelson Bolles.
504 ## - BIBLIOGRAPHY, ETC. NOTE
Bibliography, etc Includes bibliographical references (p. 65-67).
906 ## - LOCAL DATA ELEMENT F, LDF (RLIN)
a 7
b cbc
c origcop
d 2
e ncip
f 20
g y-gencatlg
942 ## - ADDED ENTRY ELEMENTS (KOHA)
Source of classification or shelving scheme
Item type Books
Holdings
Withdrawn status Lost status Source of classification or shelving scheme Damaged status Not for loan Collection code Permanent location Current location Shelving location Date acquired Total Checkouts Full call number Barcode Date last seen Price effective from Koha item type
          Koleksioni i përgjithshem UBT - Lipjan UBT - Lipjan Koleksioni i përgjithshem 03/08/2018   248.88 BOL 002-3001061 03/08/2018 03/08/2018 Books
UBT Library © 2015-2024. All rights reserved University Education for Business and Technology